000 00297nam a22001337a 4500
008 170919b xxu||||| |||| 00| 0 eng d
020 _a051857012951
041 _aeng
080 _a7
100 _a44
101 _aART
245 _aTHE VIDEO MOVIEMAKER'S HANDBOOK
_cMOORE,F.L
942 _2udc
_cBK
999 _c28147
_d28147